000
00284nam a2200121Ia 4500
008
190216s9999||||xx |||||||||||||| ||und||
100
_a
Unnikrishnan P
245
0
_a
Adiyozhuk
260
_b
Poorna Pubs Kozhikode
300
_a
101
650
_a
Malayalam Novel-Malayalam
942
_c
BK
999
_c
27200
_d
27200